| 000 | 01853nam a22002537a 4500 | ||
|---|---|---|---|
| 001 | 8470 | ||
| 003 | FISKH | ||
| 005 | 20250915111142.0 | ||
| 008 | 250915b cb ||||| |||| 00| 0 eng d | ||
| 020 | _a9780007586134 | ||
| 040 |
_aFISKH _beng _cFISKH _dFISKH |
||
| 082 | _a500 | ||
| 100 | _aMorrison, Karen | ||
| 245 |
_aCollins International Primary Science Student's Book 2 / _cBy Karen Morrison |
||
| 260 |
_aLondon : _bHarperCollinsPublishers , _c2014. |
||
| 300 |
_a92 pages : _bcolor illustrations ; _c26 cm . |
||
| 490 | _aCollins International Primary Science | ||
| 505 | _aM | ||
| 520 | _aCollins Primary Science fully meets the requirements of the Cambridge Assessment International Education Primary Science Curriculum Framework and the material has been carefully developed to meet the needs of primary science students and teachers in a range of international contexts. Content is organised according to the three main strands: Biology, Chemistry and Physics and the skills detailed under the Scientific Enquiry strand are introduced and taught in the context of those areas. For each of Stages 1 to 6 as detailed in the Cambridge Primary Science Framework, we offer: A full colour, highly illustrated and photograph rich Student's Book A write-in Workbook linked to the Student's Book This comprehensive Teacher's Guide with clear suggestions for using the materials, including the electronic components of the course A DVD-ROM which contains slideshows, video clips, additional photographs and interactive activities for use in the classroom. Provides support as part of a set of resources for the Cambridge Primary curriculum framework from 2011. This title is endorsed by Cambridge Assessment International Education. | ||
| 521 | 8 |
_a550
_bLexile |
|
| 521 | 8 |
_aM
_bRaz-Plus |
|
| 942 |
_2ddc _cBK _n0 |
||
| 999 |
_c8470 _d8470 |
||